|
|
|
|
| LEADER |
01551nam a2200397 i 4500 |
| 001 |
EBC4631639 |
| 003 |
MiAaPQ |
| 005 |
20200520144314.0 |
| 006 |
m o d | |
| 007 |
cr cnu|||||||| |
| 008 |
161014t20162016bcca ob 001 0 eng|d |
| 020 |
|
|
|z 9780865718166
|
| 020 |
|
|
|a 9781550926101 (e-book)
|
| 035 |
|
|
|a (MiAaPQ)EBC4631639
|
| 035 |
|
|
|a (Au-PeEL)EBL4631639
|
| 035 |
|
|
|a (CaPaEBR)ebr11271757
|
| 035 |
|
|
|a (OCoLC)951848072
|
| 040 |
|
|
|a MiAaPQ
|b eng
|e rda
|e pn
|c MiAaPQ
|d MiAaPQ
|
| 050 |
|
4 |
|a S561
|b .S53 2016
|
| 082 |
0 |
|
|a 630.68
|2 23
|
| 100 |
1 |
|
|a Shanks, Julia,
|e author.
|
| 245 |
1 |
4 |
|a The farmer's office :
|b tools, tips and templates to successfully manage a growing farm business /
|c Julia Shanks.
|
| 264 |
|
1 |
|a Gabriola Island, BC :
|b New Society Publishers,
|c [2016]
|
| 264 |
|
4 |
|c 2016
|
| 300 |
|
|
|a 1 online resource (290 pages) :
|b illustrations
|
| 336 |
|
|
|a text
|2 rdacontent
|
| 337 |
|
|
|a computer
|2 rdamedia
|
| 338 |
|
|
|a online resource
|2 rdacarrier
|
| 504 |
|
|
|a Includes bibliographical references and index.
|
| 588 |
|
|
|a Description based on online resource; title from PDF title page (ebrary, viewed October 14, 2016).
|
| 590 |
|
|
|a Electronic reproduction. Ann Arbor, MI : ProQuest, 2016. Available via World Wide Web. Access may be limited to ProQuest affiliated libraries.
|
| 650 |
|
0 |
|a Farm management.
|
| 650 |
|
0 |
|a Farms, Small
|x Management.
|
| 655 |
|
4 |
|a Electronic books.
|
| 797 |
2 |
|
|a ProQuest (Firm)
|
| 856 |
4 |
0 |
|u https://ebookcentral.proquest.com/lib/matrademy/detail.action?docID=4631639
|z Click to View
|